Computational biostatistics (Record no. 4923)

MARC details
000 -LEADER
fixed length control field 00438nam a2200157Ia 4500
008 - FIXED-LENGTH DATA ELEMENTS--GENERAL INFORMATION
fixed length control field 230917s9999||||xx |||||||||||||| ||und||
020 ## - ISBN
Price RS 425.00
040 ## - CATALOGING SOURCE
Original cataloging agency VIVEKANANDA LIBRARY
082 ## - DDC NUMBER
Classification number 519.5 P969C
100 ## - MAIN ENTRY--PERSONAL NAME
Personal name Pundir, Sudhir Kumar
245 #0 - TITLE STATEMENT
Title Computational biostatistics
260 ## - PUBLICATION, DISTRIBUTION, ETC. (IMPRINT)
Place of publication, distribution, etc New Delhi
Name of publisher, distributor, etc CBS Publishers and Distributors
Date of publication, distribution, etc 2022
300 ## - PHYSICAL DESCRIPTION
Pages x, 372 p.
500 ## - GENERAL NOTE
General note 4434 20/01/2022 HBD22/9305 04/03/2022 Main Budget
942 ## - ADDED ENTRY ELEMENTS (KOHA)
Koha item type Books
Holdings
Withdrawn status Lost status Source of classification or shelving scheme Damaged status Not for loan Location (home branch) Sublocation or collection (holding branch) Date acquired Koha issues (times borrowed) Koha full call number Accession No. Koha date last seen Koha item type Shelving location
    Dewey Decimal Classification     VIVEKANANDA LIBRARY VIVEKANANDA LIBRARY 27/03/2022 1 519.5 P969C 405398 22/11/2023 Books  
    Dewey Decimal Classification     VIVEKANANDA LIBRARY VIVEKANANDA LIBRARY 13/03/2024   519.5 P969C 436062 13/03/2024 Books Vivekananda Library
    Dewey Decimal Classification     VIVEKANANDA LIBRARY VIVEKANANDA LIBRARY 13/03/2024   519.5 P969C 436061 13/03/2024 Books Vivekananda Library
    Dewey Decimal Classification     VIVEKANANDA LIBRARY VIVEKANANDA LIBRARY 04/12/2025   519.5 P969C 443511 04/12/2025 Books Vivekananda Library
    Dewey Decimal Classification     VIVEKANANDA LIBRARY VIVEKANANDA LIBRARY 04/12/2025   519.5 P969C 443512 04/12/2025 Books Vivekananda Library
© Designed and Maintained by Vivekananda Library, MDU Rohtak